KOHA-Header-6

A Guide To The project management (PMBOX Guide) Body Of Knowledge (Record no. 1958)

000 -LEADER
fixed length control field 00422nam a2200169Ia 4500
003 - CONTROL NUMBER IDENTIFIER
control field OSt
005 - DATE AND TIME OF LATEST TRANSACTION
control field 20190928161659.0
008 - FIXED-LENGTH DATA ELEMENTS--GENERAL INFORMATION
fixed length control field 190723s9999 xx 000 0 und d
020 ## - INTERNATIONAL STANDARD BOOK NUMBER
International Standard Book Number 978-1-62825-184-5
040 ## - CATALOGING SOURCE
Transcribing agency maju
100 ## - MAIN ENTRY--PERSONAL NAME
Personal name PMI Publishers
245 #2 - TITLE STATEMENT
Title A Guide To The project management (PMBOX Guide) Body Of Knowledge
250 ## - EDITION STATEMENT
Edition statement 6th
260 ## - PUBLICATION, DISTRIBUTION, ETC. (IMPRINT)
Place of publication, distribution, etc Karachi
Name of publisher, distributor, etc PMI
Date of publication, distribution, etc 2018
300 ## - PHYSICAL DESCRIPTION
Extent 900:p
942 ## - ADDED ENTRY ELEMENTS (KOHA)
Koha item type Books
Source of classification or shelving scheme
Holdings
Withdrawn status Lost status Source of classification or shelving scheme Damaged status Not for loan Collection code Permanent Location Current Location Shelving location Date acquired Barcode Date last seen Price effective from Koha item type
        Not For Loan Management MAJU MAJU Shelf No.A38 REF 2019-07-23 8581 2020-08-06 2019-07-23 Management

Powered by Koha